| 000 | 00537nam a22001817a 4500 | ||
|---|---|---|---|
| 003 | OSt | ||
| 005 | 20140310182816.0 | ||
| 008 | 130228t xxu||||| |||| 00| 0 eng d | ||
| 020 | _a9814058661 | ||
| 050 |
_aQA 76.73.J38 _b.D368j 2002 |
||
| 245 |
_aJava : _bhow to program / _cHarvey M. Deitel and Paul J. Deitel. |
||
| 260 |
_aUpper Saddle River, NJ : _b Prentice Hall, _c2002. |
||
| 300 |
_a1355 p. : _bcol. ill. ; _c24 cm. |
||
| 521 | _aIT | ||
| 650 | _aJAVA (Computer program language). | ||
| 942 |
_2lcc _cBK _kFOR |
||
| 999 |
_c16278 _d16278 |
||